000 00721nam a22002057a 4500
005 20251108164951.0
008 250721s1993 xx 000 0 ara d
082 1 4 _a214/نحو
100 1 _aالنحوي، عدنان علي رضا
245 1 0 _aالحوافز الإيمانيه بين المبادرة و الإلتزام /
264 1 _aالرياض :
_bدار النحوى للنشر و التوزيع،
_c1993.
300 _a127ص
490 0 _aالى لقاء المؤمنين و بناء الجيل المؤمن
650 1 7 _aالإسلام
650 1 7 _aأصول الدين الإسلامي
650 1 7 _aالإيمان
650 1 7 _aالعقيدة الدينية
942 _2ddc
_cBK
999 _c18619
_d18619